000 00889cam a22002653a 4500
001 3534
003 PGUSA
005 20140828083034.0
008 060508s2006||||xxu|||||s|||||000 | eng d
040 _aPGUSA
_beng
042 _adc
050 4 _aDU
100 1 _aTench, Watkin,
_d-1833
245 1 2 _aA Complete Account of the Settlement at Port Jackson
_h[electronic resource] /
_cWatkin Tench
260 _bProject Gutenberg,
_c2006
506 _aPublic domain in the USA.
516 _aElectronic text
653 _aNew South Wales -- Discovery and exploration -- Early works to 1800
653 _aNew South Wales -- Description and travel -- Early works to 1800
653 _aPort Jackson (N.S.W.) -- History
653 _aPenal colonies -- Australia -- New South Wales
830 0 _aProject Gutenberg
_v3534
856 4 0 _uhttp://www.gutenberg.org/ebooks/3534
942 _cEB
999 _c232863
_d232863